Recherches sur l´orfévrerie en Espagne au Moyen age et a la Renaissance (Record no. 4606)
[ view plain ]
| 000 -CABECERA | |
|---|---|
| campo de control de longitud fija | 01257nam a2200325 a 4500 |
| 001 - NÚMERO DE CONTROL | |
| campo de control | BRCA_4912 |
| 005 - FECHA Y HORA DE LA ÚLTIMA TRANSACCIÓN | |
| campo de control | 20190320204845.0 |
| 008 - DATOS DE LONGITUD FIJA--INFORMACIÓN GENERAL | |
| campo de control de longitud fija | 770516s1879####fr-a######---#000-0#fre-# |
| 041 ## - CÓDIGO DE LENGUA | |
| Código de lengua del texto/banda sonora o título independiente | fre |
| 044 ## - CÓDIGO DEL PAÍS DE LA ENTIDAD EDITORA/PRODUCTORA | |
| Código MARC del país | fr |
| 050 #4 - SIGNATURA TOPOGRÁFICA DE LA BIBLIOTECA DEL CONGRESO | |
| Número de clasificación | NK7162 |
| Número de documento/Ítem | .D38 1879 |
| 100 1# - ENTRADA PRINCIPAL--NOMBRE DE PERSONA | |
| Nombre de persona | Davillier, Jean Charles |
| Títulos y otros términos asociados al nombre | barón |
| Fechas asociadas al nombre | 1823-1883 |
| 9 (RLIN) | 12438 |
| 245 10 - MENCIÓN DE TÍTULO | |
| Título | Recherches sur l´orfévrerie en Espagne au Moyen age et a la Renaissance |
| Resto del título | documents inédits tirés des archives espagnoles |
| Mención de responsabilidad, etc. | par le barón Ch. Davillier. |
| 260 ## - PUBLICACIÓN, DISTRIBUCIÓN, ETC. | |
| Lugar de publicación, distribución, etc. | París |
| Nombre del editor, distribuidor, etc. | A. Quantin |
| Fecha de publicación, distribución, etc. | 1879 |
| 300 ## - DESCRIPCIÓN FÍSICA | |
| Extensión | 286 p. |
| Otras características físicas | il., 19 láminas |
| Dimensiones | 33 cm. |
| 500 ## - NOTA GENERAL | |
| Nota general | Dix-neuf planches gravées leau-forte daprès danciens dessins de maitrise, dessins dans le texte par fortuny, Édouard de Beaumont, Madrazo, etc. |
| 500 ## - NOTA GENERAL | |
| Nota general | Edición con cantos dorados |
| 500 ## - NOTA GENERAL | |
| Nota general | Ejemplar numerado 63 de 500 |
| 500 ## - NOTA GENERAL | |
| Nota general | Ejemplar impreso sobre papel Holandés |
| 500 ## - NOTA GENERAL | |
| Nota general | Estado físico: perdida de plano |
| 500 ## - NOTA GENERAL | |
| Nota general | DD2 |
| 650 14 - PUNTO DE ACCESO ADICIONAL DE MATERIA--TÉRMINO DE MATERIA | |
| Término de materia o nombre geográfico como elemento de entrada | Orfebrería |
| Subdivisión general | Historia |
| Subdivisión geográfica | España |
| 9 (RLIN) | 12439 |
| 650 14 - PUNTO DE ACCESO ADICIONAL DE MATERIA--TÉRMINO DE MATERIA | |
| Término de materia o nombre geográfico como elemento de entrada | Platería |
| Subdivisión general | Historia |
| Subdivisión geográfica | España |
| 9 (RLIN) | 12440 |
| 650 14 - PUNTO DE ACCESO ADICIONAL DE MATERIA--TÉRMINO DE MATERIA | |
| Término de materia o nombre geográfico como elemento de entrada | Arte |
| Subdivisión general | Industria y comercio |
| 9 (RLIN) | 7236 |
| 650 14 - PUNTO DE ACCESO ADICIONAL DE MATERIA--TÉRMINO DE MATERIA | |
| Término de materia o nombre geográfico como elemento de entrada | Artes decorativas |
| Subdivisión geográfica | España |
| 9 (RLIN) | 11687 |
| 650 14 - PUNTO DE ACCESO ADICIONAL DE MATERIA--TÉRMINO DE MATERIA | |
| Término de materia o nombre geográfico como elemento de entrada | Arte medieval |
| 9 (RLIN) | 11014 |
| 650 14 - PUNTO DE ACCESO ADICIONAL DE MATERIA--TÉRMINO DE MATERIA | |
| Término de materia o nombre geográfico como elemento de entrada | Arte renacentista |
| 9 (RLIN) | 7760 |
| 902 ## - CATALOGADOR | |
| Iniciales | GFM |
| 942 ## - ELEMENTOS DE PUNTO DE ACCESO ADICIONAL (KOHA) | |
| Fuente del sistema de clasificación o colocación | Library of Congress Classification |
| Tipo de ítem Koha | Libros |
| Estado de retiro | Estado de pérdida | Estado dañado | No para préstamo | Localización permanente | Ubicación/localización actual | Fecha de adquisición | Número de inventario | Total de préstamos | Signatura topográfica completa | Código de barras | Fecha visto por última vez | Precio válido a partir de | Tipo de ítem Koha |
|---|---|---|---|---|---|---|---|---|---|---|---|---|---|
| El ejemplar forma parte de la colección y puede ser consultado según las políticas vigentes. | Biblioteca del Museo Franz Mayer (Rogerio Casas-Alatriste) | Biblioteca del Museo Franz Mayer (Rogerio Casas-Alatriste) | 20/10/2010 | DD2 | NK7162 .D38 1879 (DD2) | 4973 | 22/03/2019 | 22/03/2019 | Libros |